1609 1350 1665 1641 1043 1767 1846 1523 1192 1447 1040 1873 1339 1356 1995 1039 1649 1305 1372 1033 1908 1437 1573 1409 1106 1568 1303 1134 1753 1709 1874 1352 1137 1835 1604 1925 1668 1264 1322 1007 1529 1575 1014 1474 1199 1516 1931 1594 1525 1577 1297 1640 1863 1207 1577 1613 1789 1938 1897 1572 1595 1168 1956 1593 1191 1609 1671 1455 1152 1718 1876 1835 1518 1469 1185 1511 1128 1306 1442 1563 1068 1123 1421 1272 1239 1302 1320 1780 1911 1253 1289 1877 1444 1500 1081 1520 1236 1890 1221 BCNSPRNW ULIB Ver.6.0+V

เปลี่ยนเป็นภาษาไทย

Change to English
 แสดงรายละเอียดบรรณานุกรม
  กลับหน้าหลัก

Brief Record : Get Marc (ISO 2709) : E-mail record : QR code < ปิดหน้าต่าง
LEADER : 00000nam 2200000uu 4500
001    13399122584
003     ULIB
008    130731s2541||||th 000 0 tha d
099 0  ^aวจ.W21.5^bส691
100 0  ^a
110 1  ^aกระทรวงสาธารณสุข^bสถาบันพระบรมราชชนก
245 10 ^aรายงานผลการศึกษา การวิเคราะห์สถานการณ์และแนวโน้มการพัฒนาบุคลากรในกลุ่มเจ้าหน้าที่รังสีการแพทย์ ของกระทรวงสาธารณสุข./^cสถาบันพระบรมราชชนก
260    ^aนนทบุรี :^bสถาบันพระบรมราชชนก,^c2541
300    ^a169 หน้า : ^bตาราง
650  4 ^aเจ้าหน้าที่รังสีการแพทย์^xพัฒนาบุคลากร
700 0  วิพรรณ วัฒนชีพ
945    ^p0^l0^i20028
999    ^aทศพร เกษรทอง
รายการนี้ยังไม่มีแท็ก
คุณยังไม่ได้ล็อกอิน คุณสามารถมีกิจกรรมร่วมกับเว็บไซต์ได้ แต่ต้องล็อกอินก่อน ::
  ล็อกอิน

รายการสื่อสารสนเทศ

ลำดับที่ ประเภท เลขเรียก/บาร์โค้ด สถานที่ สถานะ
1. งานวิจัย
งานวิจัย
วจ.W21.5 ส691 ฉ.1 
  Barcode: 20028
ห้องสมุดวิทยาเขตสวรรค์ประชารักษ์
►วิจัย
บนชั้น

รายการใกล้เคียง
    ผู้แต่ง []

BibComment


ยังไม่เคยถูกคอมเมนท์

คอมเมนท์ทรัพยากรรายการนี้
  คอมเมนท์: รายงานผลการศึกษา..


 Copyright 2026. Bcnsprnw @Library